000 00826nam a22002537a 4500
001 34631
003 BD-RjUL
005 20211209052205.0
008 140518s1997 i ||||| |||| 001 0 eng d
020 _a8170248019 (set)
035 _a(BD-RjUL)34725
040 _aBD-RjUL
_beng
_cBD-RjUL
_dBD-RjUL
041 _aeng
082 _223
_a361.06
_bMAR 1997
245 0 0 _aMarital disputes and counselling /
_cedited by Mamta sehgal Manju Goel; Nirmala Sherjung
260 _aNew Delhi :
_bAph Publishing Corporation,
_c1997.
300 _aV. ;
_c19 cm.
504 _aIncludes index.
505 0 _aV.1 Counselling methodology.--v. 2. Diagnostic techniques. -- v. 3. Remedial measures.
650 _aMarriage counseling
_9105278
700 _a Mamta sehgal
_9105279
700 _aNirmala Sherjung
_9105280
942 _2ddc
_cBK
999 _c34631
_d34631